| 000 | 00547nam a2200217Ia 4500 | ||
|---|---|---|---|
| 008 | 170918s9999 xx 000 0 und d | ||
| 020 | _a9780545110365 | ||
| 050 | _bA237 2007 | ||
| 100 | _aAdler, David A. | ||
| 245 | _aCam Jansen : | ||
| 245 | _band the mystery writer mystery / | ||
| 245 | _cDavid A. Adler ; illustrated by Joy Allen. | ||
| 260 | _aNew York : | ||
| 260 | _bScholastic, | ||
| 260 | _c2007 | ||
| 300 | _a57 pages : | ||
| 300 | _bcolored illustration ; | ||
| 300 | _c19cm. | ||
| 440 | _aCam Jansen. | ||
| 500 | _a450 | ||
| 999 |
_c341501 _d341501 |
||